[Event "IECG CP.2003.P.00079 email"]
[Site "IECG email"]
[Date "2003.10.01"]
[Round "?"]
[White "Tessieri, Franco"]
[Black "Ritscher, Michael"]
[Result "1-0"]
[WhiteElo "1400"]
[BlackElo "800"]
[PlyCount "35"]
[EventDate "2003.10.01"]
[EventType "tourn (corr)"]
[EventRounds "6"]
[EventCountry "UKR"]
[SourceTitle "Corr 2008"]
[Source "ChessBase"]
[SourceDate "2008.06.24"]
[SourceVersion "1"]
[SourceVersionDate "2008.06.24"]
[SourceQuality "1"]

1. d4 d5 2. Nf3 Nc6 3. Bf4 e6 4. e3 Bd6 5. Bg3 Nf6 6. c4 Bb4+ 7. Nc3 Ne4 8. Qc2 Nxg3 9. hxg3 Qf6 10. Rxh7 Rf8 11. 0-0-0 e5 12. Nxd5 Qd6 13. dxe5 Nxe5 14. Nxe5 Qxe5 15. Qa4+ Bd7 16. Qxb4 0-0-0 17. Ne7+ Kb8 18. Rxd7 1-0